000 00960nam a22002297a 4500
005 20120112143825.0
008 120112t xxu||||| |||| 00| 0 mar d
010 _aMAR-21845
020 _a9788174344540
_c200.00
035 _aMR-14503
037 _bDBAD/PUB
040 _aDPL
_bMR
082 _a891.462092
100 _aतेंडुलकर,विजय
_939079
245 _aते दिवस /
_cविजय तेंडुलकर
246 _aTe Divas
_bby Vijay Tendulkar
260 _aपुणे
_bराजहंस प्रकाशन
_c2009
270 _a1025,सदाशिव पेठ,
_bपुणे
_e411030
300 _a146पृ.
_c21सेमी(अजिल्द)
942 _2ddc
_cMR
_h891.462092
_mतेंडुल
999 _c60838
_d60838